| 000 | 00822nam a2200277Ia 4500 | ||
|---|---|---|---|
| 005 | 20250425162629.0 | ||
| 008 | 250425s9999 xx 000 0 und d | ||
| 020 | _a9786073205849 | ||
| 041 | _aspa | ||
| 043 | _amx | ||
| 082 |
_a621.3815 _pBOY |
||
| 100 | _aBoylestad, Robert L. | ||
| 245 | 0 |
_aIntroducción al análisis de circuitos _cRobert L. Boylestad |
|
| 250 | _aDoceava edición | ||
| 260 |
_aMéxico _bPEARSON EDUCACION _c2011 |
||
| 300 |
_a914 páginas _bilustraciones _c27 cm. |
||
| 500 | _aIncluye apéndice, glosario e índice | ||
| 500 | _aTítulo Traducido: INTRODUCTORY CIRCUIT ANALYSIS | ||
| 650 | _aCapacitores | ||
| 650 | _aCircuitos magnéticos | ||
| 650 | _aLey de OHM | ||
| 650 | _aTransformadores | ||
| 700 |
_aNAVARRO SALAS, RODOLFO _etraductor |
||
| 942 | _c01 | ||
| 010 | _a91427 | ||
| 999 |
_c233205 _d233205 |
||